000 01004nam a2200241 a 4500
001 38855
003 BD-RjUL
005 20211209052854.0
008 160316s1955 ii ||||e |||| 001 0 ben d
020 _c: IRs. 3.00
035 _a(BD-RjUL) 38965
040 _aBD-RjUL
_bben
_cBD-RjUL
041 _aben
082 _223
_a823.914
_bOYS 1955
100 _aওয়ার্দি, জন গলস
_9124048
245 1 0 _aসান্তা লুসিয়া /
_cজন গলস ওয়ার্দি ; অনুবাদক : নির্মলচন্দ্র গঙ্গোপাধ্যায়
260 _aকলিকাতা :
_bনব ভারতী,
_c১৯৫৫
300 _a১৯৪ ‍পৃ. ;
_c১৮ সেমি.
650 _aস্পেন কল্পকাহিনী
_9124056
650 _aSpain Fiction
_9124057
700 _aগঙ্গোপাধ্যায়, নির্মলচন্দ্র, অনুবাদক
_9124058
942 _2ddc
_cBK
999 _c38855
_d38855